[Event "Budapest One Week GM 02"]
[Site "Budapest"]
[Date "2024.03.01"]
[Round "7"]
[White "Paschall, William M"]
[Black "Pribelszky, Bence"]
[Result "0-1"]
[WhiteElo "2331"]
[BlackElo "2375"]
[PlyCount "99"]
[EventDate "2024.02.26"]
[EventType "tourn"]
[EventRounds "9"]
[EventCountry "HUN"]
[EventCategory "6"]
[SourceTitle "CB11_2024"]
[SourceDate "2024.03.13"]
[SourceVersion "1"]
[SourceVersionDate "2024.03.13"]
[SourceQuality "1"]

1. Nf3 b6 2. c4 Bb7 3. g3 g6 4. Bg2 Bg7 5. d4 Nf6 6. 0-0 0-0 7. Nc3 Ne4 8. Nxe4 Bxe4 9. Be3 d5 10. Rc1 Nc6 11. Qd2 Qd7 12. Rfd1 Rfd8 13. b3 a5 14. Bf1 Bxf3 15. exf3 dxc4 16. Rxc4 b5 17. Rcc1 Nxd4 18. Bxd4 Bxd4 19. Qe2 c6 20. f4 Rac8 21. a4 bxa4 22. bxa4 Rb8 23. Rb1 Rb4 24. Rxb4 axb4 25. Rb1 Bc3 26. Qf3 Qa7 27. Rd1 Bd4 28. Qb3 Bxf2+ 29. Kg2 Rxd1 30. Qxd1 Bb6 31. Bc4 e6 32. Qd6 Qb7 33. Kh3 c5 34. Qe5 Qc8 35. Qd6 Qb7 36. Qe5 h6 37. Qd6 h5 38. Qe5 Qc8 39. Qd6 Qb7 40. Qe5 Kh7 41. Qd6 Qa7 42. Qf8 Qd7 43. Bb5 Qc7 44. Be8 b3 45. Bxf7 Qd8 46. Be8 b2 47. Qf7+ Kh8 48. Qxg6 Qe7 49. Bb5 Qh7 50. Qe8+ 0-1

[Event "Wch Seniors 50 31st"]
[Site "Terassini"]
[Date "2023.11.04"]
[Round "10"]
[White "Paschall, William M"]
[Black "Mohr, Georg"]
[Result "1-0"]
[WhiteElo "2329"]
[BlackElo "2430"]
[PlyCount "71"]
[EventDate "2023.10.25"]
[EventType "swiss"]
[EventRounds "11"]
[EventCountry "ITA"]
[SourceTitle "Mega2024 Update 01"]
[Source "Chessbase"]
[SourceDate "2023.11.12"]
[SourceVersion "1"]
[SourceVersionDate "2023.11.12"]
[SourceQuality "1"]

1. Nf3 d6 2. d4 Nf6 3. c4 g6 4. Nc3 Bf5 5. g3 Bg7 6. Bg2 0-0 7. 0-0 Nc6 8. Ng5 h6 9. e4 Bg4 10. f3 Bd7 11. Nh3 e5 12. d5 Nd4 13. Be3 c5 14. dxc6 bxc6 15. c5 dxc5 16. Na4 Qe7 17. Rc1 c4 18. Re1 c5 19. Bxd4 cxd4 20. Rxc4 Be6 21. Rc1 Bxa2 22. Bf1 Rab8 23. Qd2 Be6 24. Nf2 Nd7 25. Rc7 Qd6 26. Rxa7 Ra8 27. Qa5 Qc6 28. Ra6 Rfb8 29. b4 Rxa6 30. Bxa6 Bb3 31. Nb2 Bf8 32. Nbd3 Bc4 33. Bxc4 Qxc4 34. Rc1 Bxb4 35. Qa4 Nc5 36. Rxc4 1-0

[Event "Budapest Aranytiz GM"]
[Site "Budapest"]
[Date "2022.08.21"]
[Round "3"]
[White "Nagy, Gabor"]
[Black "Paschall, William M"]
[Result "1/2-1/2"]
[WhiteElo "2504"]
[BlackElo "2347"]
[PlyCount "65"]
[EventDate "2022.08.18"]
[EventType "tourn"]
[EventRounds "9"]
[EventCountry "HUN"]
[EventCategory "6"]
[SourceTitle "CBM 209 Extra"]
[Source "ChessBase"]
[SourceDate "2022.09.30"]
[SourceVersion "1"]
[SourceVersionDate "2022.09.30"]
[SourceQuality "1"]

1. d4 Nf6 2. Nf3 b6 3. Bg5 e6 4. Nbd2 Bb7 5. e4 h6 6. Bxf6 Qxf6 7. Bd3 g6 8. Qe2 Bg7 9. c3 Qe7 10. a4 a6 11. 0-0 d6 12. b4 Nd7 13. a5 b5 14. c4 bxc4 15. Bxc4 0-0 16. b5 axb5 17. Bxb5 Ra7 18. Rfc1 c5 19. Nb3 Ba8 20. Rab1 cxd4 21. Nfxd4 Bxd4 22. Nxd4 Nc5 23. f3 Rxa5 24. Qd2 Qa7 25. Kh1 Ra2 26. Qe3 Ra3 27. Qg1 Qe7 28. Bf1 e5 29. Nb5 Ra5 30. Qe3 Kg7 31. Rd1 Rd8 32. Rbc1 Bc6 33. Na3 1/2-1/2

[Event "Budapest Aranytiz GM"]
[Site "Budapest"]
[Date "2022.08.18"]
[Round "1"]
[White "Paschall, William M"]
[Black "Song, Raymond"]
[Result "0-1"]
[WhiteElo "2347"]
[BlackElo "2465"]
[PlyCount "110"]
[EventDate "2022.08.18"]
[EventType "tourn"]
[EventRounds "9"]
[EventCountry "HUN"]
[EventCategory "6"]
[SourceTitle "CBM 209 Extra"]
[Source "ChessBase"]
[SourceDate "2022.09.30"]
[SourceVersion "1"]
[SourceVersionDate "2022.09.30"]
[SourceQuality "1"]

1. c4 e5 2. Nc3 Nf6 3. Nf3 Nc6 4. g3 d5 5. cxd5 Nxd5 6. Bg2 Bc5 7. 0-0 0-0 8. d3 h6 9. Nxd5 Qxd5 10. Be3 Bxe3 11. fxe3 Qd6 12. Rc1 Be6 13. Nd2 Bd5 14. Bxd5 Qxd5 15. Qb3 Qxb3 16. Nxb3 Rfe8 17. Rc4 Re7 18. g4 Nd8 19. Nd2 Ne6 20. Ne4 c6 21. h4 Rd8 22. Kg2 Rd5 23. b4 a5 24. Nc3 Rd8 25. b5 cxb5 26. Nxb5 g6 27. Rfc1 Kg7 28. Nc7 Rd6 29. Nxe6+ Rexe6 30. Rc7 Rc6 31. a4 Rxc1 32. Rxc1 Rb6 33. Rc5 Rb4 34. Rxa5 Rxg4+ 35. Kh3 h5 36. Rxe5 Rxa4 37. Rb5 Ra2 38. Kg3 Rxe2 39. Kf3 Rh2 40. Kg3 Rh1 41. Rxb7 Rg1+ 42. Kh3 Re1 43. Re7 Kf8 44. Re4 f6 45. Kg2 Kf7 46. d4 g5 47. hxg5 fxg5 48. Re5 Kf6 49. e4 h4 50. Re8 g4 51. Rf8+ Kg5 52. Rf5+ Kg6 53. Rf4 h3+ 54. Kh2 Kg5 55. Rf8 Re2+ 0-1

[Event "Budapest Aranytiz IM"]
[Site "Budapest"]
[Date "2021.07.23"]
[Round "4"]
[White "Rohit, S3333"]
[Black "Paschall, William M"]
[Result "1/2-1/2"]
[WhiteElo "2189"]
[BlackElo "2329"]
[PlyCount "59"]
[EventDate "2021.07.20"]
[EventType "tourn"]
[EventRounds "9"]
[EventCountry "HUN"]
[EventCategory "3"]
[SourceTitle "CBM 203 Extra"]
[Source "ChessBase"]
[SourceDate "2021.09.30"]
[SourceVersion "1"]
[SourceVersionDate "2021.09.30"]
[SourceQuality "1"]

1. e4 Nc6 2. Nf3 d6 3. d4 Nf6 4. Bb5 a6 5. Bxc6+ bxc6 6. e5 dxe5 7. Nxe5 e6 8. c4 Bb7 9. 0-0 Nd7 10. Qg4 Nxe5 11. dxe5 h5 12. Qe2 Qh4 13. Rd1 c5 14. Nc3 Qg4 15. f3 Qf5 16. Qd3 Qxd3 17. Rxd3 Be7 18. Be3 Bc6 19. Rad1 f6 20. Bf4 f5 21. b3 Rd8 22. Rxd8+ Bxd8 23. Be3 Be7 24. Na4 Bxa4 25. bxa4 g5 26. Bd2 Kf7 27. Ba5 Rd8 28. Rxd8 Bxd8 29. f4 g4 30. Kf2 1/2-1/2

[Event "Budapest Rigochess10 GM"]
[Site "Budapest"]
[Date "2020.10.20"]
[Round "5"]
[White "Kozak, Adam"]
[Black "Paschall, William M"]
[Result "1/2-1/2"]
[WhiteElo "2502"]
[BlackElo "2324"]
[PlyCount "108"]
[EventDate "2020.10.16"]
[EventType "tourn"]
[EventRounds "9"]
[EventCountry "HUN"]
[EventCategory "7"]
[SourceTitle "EXT 2022"]
[Source "ChessBase"]
[SourceDate "2021.10.06"]
[SourceVersion "1"]
[SourceVersionDate "2021.10.06"]
[SourceQuality "1"]

1. d4 g6 2. c4 Bg7 3. e4 Nc6 4. Nf3 d6 5. Be3 Bg4 6. Be2 Bxf3 7. Bxf3 e5 8. d5 Nd4 9. Nc3 c5 10. dxc6 bxc6 11. 0-0 Rb8 12. Rb1 a5 13. a3 Ne7 14. b4 axb4 15. axb4 0-0 16. g3 Nc8 17. Bg2 Nb6 18. Qd3 Qd7 19. Ne2 c5 20. Nxd4 exd4 21. Bf4 cxb4 22. Rxb4 Na4 23. Bxd6 Rxb4 24. Bxb4 Rb8 25. Qa3 Rc8 26. c5 Bf8 27. Bh3 Qxh3 28. Qxa4 Bxc5 29. Bxc5 Rxc5 30. Rb1 Rc8 31. Qxd4 h5 32. Qf6 Qg4 33. Re1 Re8 34. Kg2 Qe6 35. Qf3 Qe5 36. Re3 Re6 37. Qd1 Rd6 38. Qa4 Qd4 39. Qe8+ Kg7 40. Rf3 Rf6 41. Rxf6 Qxf6 42. h4 Qd4 43. Qc6 Qe5 44. Qd7 Qa1 45. Kf3 Qh1+ 46. Ke2 Kg8 47. Qd4 Qb1 48. Ke3 Qc1+ 49. Qd2 Qc7 50. Qe2 Qc5+ 51. Kf4 Qc7+ 52. Ke3 Qc5+ 53. Kf3 Qa3+ 54. Kg2 Qb3 1/2-1/2

[Event "Budapest Rigochess10 GM"]
[Site "Budapest"]
[Date "2020.10.16"]
[Round "1"]
[White "Paschall, William M"]
[Black "Mendonca, Leon Luke"]
[Result "0-1"]
[WhiteElo "2324"]
[BlackElo "2499"]
[PlyCount "104"]
[EventDate "2020.10.16"]
[EventType "tourn"]
[EventRounds "9"]
[EventCountry "HUN"]
[EventCategory "7"]
[SourceTitle "EXT 2022"]
[Source "ChessBase"]
[SourceDate "2021.10.06"]
[SourceVersion "1"]
[SourceVersionDate "2021.10.06"]
[SourceQuality "1"]

1. c4 Nf6 2. Nc3 e6 3. e4 d5 4. cxd5 exd5 5. e5 Ne4 6. Nf3 Bf5 7. Be2 d4 8. Nxe4 Bxe4 9. Bc4 Bd5 10. Qb3 Bxc4 11. Qxc4 Nc6 12. 0-0 Qd7 13. d3 Qe6 14. Qa4 Bc5 15. Bd2 Bb6 16. Rae1 0-0 17. Re4 h6 18. Rfe1 Rad8 19. h3 Rd5 20. b4 a6 21. Qb3 Ne7 22. Qb2 Rfd8 23. Qb3 R5d7 24. Qb1 Ba7 25. a4 Nd5 26. Nxd4 Bxd4 27. Rxd4 Ne7 28. Rxd7 Qxd7 29. b5 axb5 30. axb5 Qxd3 31. Be3 Qxb1 32. Rxb1 b6 33. Rc1 Nd5 34. Bd2 Kf8 35. Ra1 Ke7 36. f4 Ke6 37. Ra7 Ne7 38. Bb4 Rd1+ 39. Kf2 Nd5 40. Bf8 g5 41. Bxh6 gxf4 42. Bg7 Rb1 43. h4 Rxb5 44. h5 Rb2+ 45. Kf3 Rb3+ 46. Kf2 Kf5 47. h6 Kg6 48. Ra8 Ne3 49. Rc8 Ng4+ 50. Kf1 Rc3 51. Ke2 Nxh6 52. e6 Kxg7 0-1

[Event "Budapest Aranytiz IM"]
[Site "Budapest"]
[Date "2020.08.26"]
[Round "6"]
[White "Nemeth, Zoltan"]
[Black "Paschall, William M"]
[Result "0-1"]
[WhiteElo "2210"]
[BlackElo "2329"]
[PlyCount "94"]
[EventDate "2020.08.21"]
[EventType "tourn"]
[EventRounds "9"]
[EventCountry "HUN"]
[EventCategory "2"]
[SourceTitle "CBM 198 Extra"]
[Source "ChessBase"]
[SourceDate "2020.11.30"]
[SourceVersion "1"]
[SourceVersionDate "2020.11.30"]
[SourceQuality "1"]

1. c4 c5 2. Nc3 g6 3. g3 Bg7 4. Bg2 Nc6 5. e4 a6 6. d3 b5 7. Nge2 Rb8 8. Bf4 d6 9. Qd2 h5 10. h3 Bd7 11. Rc1 b4 12. Nd1 Qc8 13. Be3 b3 14. a3 Nd4 15. Bxd4 cxd4 16. f4 e5 17. Nf2 Qc5 18. 0-0 a5 19. Rce1 a4 20. Bf3 Bf6 21. Kg2 Bd8 22. Rd1 Nf6 23. Rh1 h4 24. Bg4 Bc6 25. fxe5 dxe5 26. Ng1 hxg3 27. Kxg3 Ng8 28. Nf3 Nh6 29. Qe2 Rb7 30. h4 Nxg4 31. Nxg4 f6 32. Rh2 Bd7 33. Nd2 Be6 34. Rf1 Rf7 35. Kg2 Qc8 36. Nf2 Rfh7 37. Rfh1 Qc5 38. h5 Qf8 39. Nf1 gxh5 40. Rxh5 Rg7+ 41. Kf3 Rxh5 42. Rxh5 Qg8 43. Qe1 Rg1 44. Rh2 Qg5 45. Ke2 Qf4 46. Qd2 Bg4+ 47. Nxg4 Qxf1# 0-1

[Event "Budapest Aranytiz IM"]
[Site "Budapest"]
[Date "2020.08.23"]
[Round "3"]
[White "Geher, Koppany"]
[Black "Paschall, William M"]
[Result "0-1"]
[WhiteElo "2326"]
[BlackElo "2329"]
[PlyCount "84"]
[EventDate "2020.08.21"]
[EventType "tourn"]
[EventRounds "9"]
[EventCountry "HUN"]
[EventCategory "2"]
[SourceTitle "CBM 198 Extra"]
[Source "ChessBase"]
[SourceDate "2020.11.30"]
[SourceVersion "1"]
[SourceVersionDate "2020.11.30"]
[SourceQuality "1"]

1. e4 c5 2. Nf3 Nc6 3. d4 cxd4 4. Nxd4 g6 5. c4 Bg7 6. Be3 Nf6 7. Nc3 Ng4 8. Qxg4 Nxd4 9. Qd1 e5 10. Bd3 0-0 11. 0-0 b6 12. Qd2 Bb7 13. Rad1 Rc8 14. b3 Qe7 15. Rfe1 d6 16. f3 Ne6 17. Bf1 Rfd8 18. a4 Bc6 19. Ra1 Nc5 20. Reb1 a5 21. b4 axb4 22. Rxb4 Qc7 23. Qb2 Rb8 24. Nd5 Bxd5 25. cxd5 f5 26. Rb1 fxe4 27. fxe4 Ra8 28. Qc2 Qd7 29. h3 Qe7 30. Bb5 Qh4 31. Bc6 Ra5 32. Rxb6 Bh6 33. Bf2 Qf4 34. Rb8 Rxb8 35. Rxb8+ Kg7 36. Bb5 Ra7 37. g3 Qf3 38. Be2 Qa3 39. Kg2 Be3 40. Bxe3 Qxe3 41. Rb4 Rf7 42. Bb5 Rf3 0-1

[Event "Budapest Rigochess02 IM"]
[Site "Budapest"]
[Date "2020.02.22"]
[Round "9"]
[White "Gombocz, Ferenc Jr"]
[Black "Paschall, William M"]
[Result "1/2-1/2"]
[WhiteElo "2239"]
[BlackElo "2334"]
[PlyCount "44"]
[EventDate "2020.02.13"]
[EventType "tourn"]
[EventRounds "9"]
[EventCountry "HUN"]
[EventCategory "1"]
[SourceTitle "CBM 195 Extra"]
[Source "ChessBase"]
[SourceDate "2020.05.31"]
[SourceVersion "1"]
[SourceVersionDate "2020.05.31"]
[SourceQuality "1"]

1. c4 b6 2. Nc3 Bb7 3. e4 e5 4. g3 Nc6 5. Bg2 Bc5 6. Nge2 Nge7 7. 0-0 d6 8. a3 a5 9. Rb1 Qd7 10. Nd5 Nxd5 11. exd5 Nd4 12. b4 axb4 13. axb4 Nxe2+ 14. Qxe2 Bd4 15. Bb2 Bxb2 16. Rxb2 0-0 17. d4 exd4 18. Qd3 Rfe8 19. Qxd4 Qf5 20. c5 Ba6 21. Rd1 bxc5 22. bxc5 dxc5 1/2-1/2

[Event "Budapest Rigochess02 IM"]
[Site "Budapest"]
[Date "2020.02.18"]
[Round "5"]
[White "Paschall, William M"]
[Black "Assaubayeva, Bibissara"]
[Result "1/2-1/2"]
[WhiteElo "2334"]
[BlackElo "2374"]
[PlyCount "112"]
[EventDate "2020.02.13"]
[EventType "tourn"]
[EventRounds "9"]
[EventCountry "HUN"]
[EventCategory "1"]
[SourceTitle "CBM 195 Extra"]
[Source "ChessBase"]
[SourceDate "2020.05.31"]
[SourceVersion "1"]
[SourceVersionDate "2020.05.31"]
[SourceQuality "1"]

1. c4 c6 2. e4 d5 3. exd5 cxd5 4. d4 Nf6 5. Nc3 g6 6. Qb3 Bg7 7. cxd5 0-0 8. Be2 Nbd7 9. Nh3 Nb6 10. Nf4 Bg4 11. f3 Bc8 12. h4 e6 13. dxe6 Bxe6 14. Nxe6 fxe6 15. Bd2 Nbd5 16. 0-0-0 a5 17. Nxd5 Nxd5 18. h5 Qf6 19. Qd3 Qxd4 20. Qxd4 Bxd4 21. hxg6 hxg6 22. Kb1 Be3 23. Be1 Rfd8 24. Bc4 Kg7 25. Bg3 Bf4 26. Bxd5 Bxg3 27. Bxb7 Rab8 28. Rxd8 Rxd8 29. Kc2 Bf4 30. Rd1 Rxd1 31. Kxd1 Kf6 32. Kc2 Ke5 33. Kb3 Bc1 34. Ka4 Bxb2 35. Kxa5 Ba3 36. Ka4 Bc5 37. Kb5 Ba3 38. Ka4 Bc5 39. Kb3 Kf4 40. Kc4 Ba3 41. Kb3 Bc5 42. Bc8 Kg3 43. Bxe6 Kxg2 44. Bg4 Kg3 45. a4 Kf4 46. Kc4 Bf2 47. Kd5 Be1 48. Ke6 g5 49. Kd6 Bd2 50. Kc5 Ke5 51. Kb6 Be3+ 52. Kc6 Bd2 53. Kb6 Be3+ 54. Kb5 Kd6 55. a5 Kc7 56. a6 Kb8 1/2-1/2

[Event "HUN-chT2 Charousek 1819"]
[Site "Hungary"]
[Date "2019.02.24"]
[Round "8.2"]
[White "Cop, Tomislav"]
[Black "Paschall, William M"]
[Result "1/2-1/2"]
[WhiteElo "2357"]
[BlackElo "2345"]
[PlyCount "50"]
[EventDate "2018.09.23"]
[EventType "team-tourn"]
[EventRounds "11"]
[EventCountry "HUN"]
[SourceTitle "CBM 189 Extra"]
[Source "ChessBase"]
[SourceDate "2019.06.03"]
[SourceVersion "1"]
[SourceVersionDate "2019.06.03"]
[SourceQuality "1"]
[WhiteTeam "Tapolca Varosi"]
[BlackTeam "Budapest HASE"]
[WhiteTeamCountry "HUN"]
[BlackTeamCountry "HUN"]

1. e4 c5 2. Nf3 Nc6 3. d4 cxd4 4. Nxd4 Nf6 5. Nc3 d6 6. Bc4 e6 7. Be3 a6 8. Qe2 Qc7 9. Bb3 Na5 10. g4 b5 11. g5 Nd7 12. 0-0-0 Nxb3+ 13. axb3 b4 14. Nd5 Qb7 15. Rhe1 Nc5 16. Nf5 Nxe4 17. Nb6 Rb8 18. f3 exf5 19. fxe4 fxe4 20. Bd4 Be6 21. Kb1 d5 22. Qe3 Bd6 23. Bxg7 Rg8 24. Bd4 Bxh2 25. Rh1 Qc7 1/2-1/2